Housing tenure and mortgage systems: how the UK compares (Record no. 74710)

MARC details
000 -LEADER
fixed length control field 01524cab a2200241 4500
001 - CONTROL NUMBER
control field ABS68641
008 - FIXED-LENGTH DATA ELEMENTS--GENERAL INFORMATION
fixed length control field 050112n2004 000 0 eng u
035 ## - SYSTEM CONTROL NUMBER
System control number (Sirsi) u128499
100 ## - MAIN ENTRY--PERSONAL NAME
Personal name Scanlon, K.
245 ## - TITLE STATEMENT
Title Housing tenure and mortgage systems: how the UK compares
260 ## - PUBLICATION, DISTRIBUTION, ETC.
Date of publication, distribution, etc. 2004
490 ## - SERIES STATEMENT
Series statement Housing Finance
Volume/sequential designation (64) Winter 2004, 41-51(11)
520 ## - SUMMARY, ETC.
Summary, etc. Reports on recent Council of Mortgage Lenders commissioned research into international trends in housing tenure and mortgage systems over the last decade, comparing the UK, 15 European countries, Australia, Canada and the United States. Focuses on the ratio of owner-occupation to renting, the tenure choices of young and middle-aged households, the cost of owner-occupation and its prospects. Looks further at the influence of mortgage systems on owner-occupation rates including the impact of lower interest rates, longer mortgage terms and higher loan-to-value ratios and mortgage product innovations. Comments on the trend towards less generous tax treatment of owner-occupation and on how credit risk is dealt with. Concludes that the UK is at the leading edge of international trends in many aspects of housing and housing finance.Tables cover the research findings. References and endnotes.
590 ## - LOCAL NOTE (RLIN)
Local note ABS
650 ## - SUBJECT ADDED ENTRY--TOPICAL TERM
Topical term or geographic name entry element COUNCIL OF MORTGAGE LENDERS
650 ## - SUBJECT ADDED ENTRY--TOPICAL TERM
Topical term or geographic name entry element HOUSING TENURE
650 ## - SUBJECT ADDED ENTRY--TOPICAL TERM
Topical term or geographic name entry element MORTGAGES
650 ## - SUBJECT ADDED ENTRY--TOPICAL TERM
Topical term or geographic name entry element OWNER-OCCUPATION
650 ## - SUBJECT ADDED ENTRY--TOPICAL TERM
Topical term or geographic name entry element RENTING
690 ## - LOCAL SUBJECT ADDED ENTRY--TOPICAL TERM (OCLC, RLIN)
Topical term or geographic name as entry element HOUSING-HOUSING FINANCE
700 ## - ADDED ENTRY--PERSONAL NAME
Personal name Whitehead, C.
942 ## - ADDED ENTRY ELEMENTS (KOHA)
Suppress in OPAC 0
Holdings
Withdrawn status Lost status Source of classification or shelving scheme Damaged status Not for loan Home library Current library Shelving location Date acquired Total Checkouts Full call number Barcode Date last seen Copy number Price effective from Koha item type
    Dewey Decimal Classification     London London Journal article 12/01/2005   ABS68641 128499-1001 06/08/2019 1 06/08/2019 Journal article